000
00325nam a2200133Ia 4500
008
240624s9999 xx 000 0 und d
041
_a
eng
082
_a
658 BUF
100
_a
BROWNLEE ADAM
245
_a
BUILDING A SMALL BUSINESS THAT WARREN BU
260
_c
2012
_a
New Jersey
_b
Wiley
300
_a
194 : p.
365
_c
_b
30
999
_c
19197
_d
19197